| 000 | 00430pab a2200169 454500 | ||
|---|---|---|---|
| 008 | 180718b2014 xxu||||| |||| 00| 0 eng d | ||
| 100 | _aReito, Francesco | ||
| 245 | _aA comparison between formal and informal mutual-credit arrangements | ||
| 260 | _c2014 | ||
| 300 | _ap.179-201. | ||
| 362 | _aJun | ||
| 650 | _aCredit | ||
| 700 | _aSpagano, Salvatore | ||
| 773 | _aDeveloping Economies | ||
| 908 | _aN | ||
| 909 | _a104685 | ||
| 999 |
_c104680 _d104680 |
||